| 000 | 00691cam a22002295a 4500 | ||
|---|---|---|---|
| 001 | L159730 | ||
| 008 | 150226s2017 xxk f 000 0 eng d | ||
| 035 | _a(Sirsi) u159730 | ||
| 041 | 0 | _aeng | |
| 100 | 1 | _aWatson, Stuart | |
| 245 | 0 | 0 | _aLone star performer |
| 260 | _c2017 | ||
| 490 |
_aModus _vJuly-August 2017, 32-33 (2) |
||
| 520 | _aA tech boom of stellar proportions has turned Austin, Texas, into a global superstar. | ||
| 590 | _aKA | ||
| 650 | 2 | 4 | _aTECHNOLOGY COMPANIES |
| 650 | 2 | 4 | _aTECHNOLOGY CITY |
| 650 | 2 | 4 | _aPROPERTY-COMMERCIAL PROPERTY-OFFICE PROPERTY-OFFICE PROPERTY MARKET |
| 651 | 4 |
_aUnited States _y1959- |
|
| 690 | _aCITY BUSINESS CENTRES | ||
| 942 |
_n0 _2ddc |
||
| 999 |
_c84941 _d84941 |
||